Bundesliga Rekordtransfers nach Jahr - Statistiken

Allgemein
  • Dieses Quiz wurde 370 mal gespielt
  • Das Durchschnittsergebnis liegt bei 8 aus 23
Antwortstatistiken
Saison Ablöse in € Zu- oder Abgang? Spieler % Korrekt
2017/18 135.000.000€ Abgang Ousmane Dembélé
86%
2019/20 80.000.000€ Zugang Lucas Hernández
81%
2021/22 85.000.000€ Abgang Jadon Sancho
70%
2013/14 37.000.000€ Zu- & Abgang Mario Götze
59%
2022/23 67.000.000€ Zugang Matthijs de Ligt
58%
2015/16 76.000.000€ Abgang Kevin De Bruyne
54%
2020/21 80.000.000€ Abgang Kai Havertz
53%
2012/13 40.000.000€ Zugang Javi Martínez
52%
2016/17 52.000.000€ Abgang Leroy Sané
51%
2007/08 30.000.000€ Zugang Franck Ribéry
45%
2009/10 30.000.000€ Zu- & Abgang Mario Gómez
40%
2011/12 30.000.000€ Zu- & Abgang Manuel Neuer
33%
2014/15 32.000.000€ Zugang André Schürrle
28%
2018/19 64.000.000€ Abgang Christian Pulisic
28%
2003/04 19.750.000€ Zugang Roy Makaay
23%
2001/02 25.500.000€ Zugang Márcio Amoroso
22%
2010/11 37.000.000€ Abgang Edin Dzeko
17%
2004/05 12.000.000€ Zu- & Abgang Lúcio
10%
2002/03 9.500.000€ Zu- & Abgang Zé Roberto
10%
2006/07 15.700.000€ Abgang Dimitar Berbatov
3%
2000/01 18.000.000€ Abgang Émerson
3%
2005/06 15.000.000€ Abgang Aleksandr Hleb
1%
2008/09 18.000.000€ Abgang Nigel de Jong
1%
Keine übereinstimmenden Quizze gefunden
Verteilung der Resultate
Anzahl Personen mit jedem Resultat
Perzentil nach korrekt beantworteten Fragen
Ihre Resultats-Entwicklung
Sie haben dieses Quiz noch nicht gespielt